000 00723nam a2200229 i 4500
001 114045
003 ES-MaACL
005 20251207124547.0
007 t|
008 061121s1984 sp r ||||1| spa d
100 1 _aPais, Abraham.
_988336
245 1 3 _aEl Señor es sutil, la ciencia y la vida de Albert Einstein /
_cAbraham Pais : [traducción de Fidel Alsina].
260 _aBarcelona :
_bAriel,
_c1984.
300 _a553 p. 5 lám. ;
_c23 cm.
490 1 _aMethodos
500 _aRetrato de Albert Einstein.
600 1 4 _aEinstein, Albert,
_d1879-1955
_946838
700 1 _aAlsina, Fidel.
_920482
830 0 _aMethodos
_9185744
852 _aES-MaACL
_jL-6375
_bR.107034
999 _c114045
_d114045